Statistics for Countries Closest to Uzbekistan - One Minute Sprint

Click here to take the quiz!

General Stats

  • This quiz has been taken 25 times
  • The average score is 16 of 20

Answer Stats

km country % Correct
524Russia
100%
0Tajikistan
94%
0Turkmenistan
94%
108China
94%
0Kazakhstan
94%
0Afghanistan
89%
0Kyrgyzstan
89%
329Iran
89%
330Pakistan
89%
1039Iraq
83%
774Georgia
83%
821Armenia
83%
484Azerbaijan
78%
617India
67%
964Turkey
67%
1466Nepal
61%
1517Mongolia
61%
1260Syria
56%
1442Kuwait
56%
1543Oman
33%

Score Distribution

Percentile by Number Answered

Percent of People with Each Score

Your Score History

You have not taken this quiz